000 00746cam a2200193 4500500
005 20260111080424.0
041 _afre
042 _adc
100 1 0 _aHernu, Paul
_eauthor
245 0 0 _aRéforme de la fiscalité directe locale – attention à la taxe foncière sur les propriétés bâties due par les entreprises
260 _c2020.
500 _a59
690 _afiscalité locale
690 _aimposition des entreprises
690 _aimpôts de production
690 _ataxe foncière sur les propriétés bâties
786 0 _nGestion & Finances Publiques | 2 | 2 | 2020-04-29 | p. 94-97 | 1969-1009
856 4 1 _uhttps://droit.cairn.info/revue-gestion-et-finances-publiques-2020-2-page-94?lang=fr&redirect-ssocas=7080
999 _c1616294
_d1616294